000 01511nam a2200229Ia 4500
003 Ost
005 20260507075309.0
008 260507s9999||||xx |||||||||||||| ||und||
020 _a9972403977
040 _cfsecg
041 _aara
082 _a330
100 _aالخطيب، سمير
_eمؤلف
245 0 _aقياس و إدارة المخاطر بالبنوك :
_bمنهج علمي و تطبيق عملي /
_c سمير الخطيب
260 _aالإسكندرية:
_bمنشأة المعارف,
_c2005
300 _a291 صفحة؛
_bإيضاحات ؛
_c24 سم
520 _aدور إدارة المخاطر و فلسفة المخاطر و سياستها و بعض المبادئ الاساسية للرقابة الفعالة وفقا لمتطلبات بـــازل و دور المؤسسات الدولية في خفض المخاطر و أهم التحديات التي تواجه البنوك و ادارة الاصول و الخصوم بغرض الحد من المخاطر ، أنواع المخاطر و بعض مؤشرات قياسها و المخاطر الائتمانية و المخاطر المصرفية و أخيرا أهم التحديات و المخاطر التي تواجه البنوك الاسلامية في ضوء التطورات المصرفية الحديثة و مقررات لجنة بــازل و مؤشرات قياس مدى سلامة أداء البنك.
653 _aالادارة
653 _aالأزمات
653 _aالبنوك
942 _cكتاب
999 _c43838
_d43838